| 000 | 00364nam a22001337a 4500 | ||
|---|---|---|---|
| 020 | _a0-07-022313-0 | ||
| 082 | _a604.2 FRE | ||
| 100 |
_aSVENSEN, CARL L, HELSEL, JAY D, FRENCH, THOMAS E _967648 |
||
| 245 | _aMECHANICAL DRAWING | ||
| 260 |
_aNEWYORK _bMCGRAW HILL _c1977 |
||
| 300 | _a568P | ||
| 650 |
_aMECHANICAL DRAWING DRAWING-MECHANICAL _967649 |
||
| 942 | _cBK | ||
| 999 |
_c575376 _d575376 |
||